000 00586nai a2200181Ia 4500
003 IN-BaIIA
008 211028c9999 xx s 000 0 eng d
022 _a0025-5831 (Print)
022 _a1432-1807 (Online)
040 _cIIA Library
245 0 _aMathematische Annalen
_h[eJournal]
260 _aHeidelber, Germany
_bSpringer Berlin Heidelberg
310 _aMonthly
362 _a307(1); 1997 - Present
521 _bSubscribed through National Knowledge Resource Consortium (NKRC)
856 _uhttps://www.springer.com/journal/208
_yClick Here to Access eJournal
942 _cEJ
999 _c35330
_d35330